One Piece - Fruits du démon Paramecia - Statistiques

Statistiques générales
  • Ce quiz a été pris 81 fois
  • Le résultat moyen est 67 sur 105
Statistiques - réponses
Personnage % Correct
Bentham
94%
Baggy
94%
Edward Newgate
94%
Alvida
92%
Bartholomew Kuma
92%
Don Quijote Doflamingo
92%
Galdino
92%
Nico Robin
92%
Bellamy
91%
Daz Bones
91%
Gecko Moria
91%
Jewelry Bonney
91%
Marshall D. Teach
91%
Trafalgar D. Water Law
91%
Boa Hancock
89%
Magellan
89%
Wapol
87%
Brook
85%
Eustass "Captain" Kidd
85%
Perona
85%
Bartolomeo
83%
Blueno
83%
Charlotte Katakuri
83%
Emporio Ivankov
83%
Absalom
81%
Capone "Gang" Bege
81%
Don Quijote Rossinante
81%
Foxy
81%
Gem
81%
Basil Hawkins
79%
Charlotte Linlin
79%
Mikita
79%
Scratchmen Apoo
79%
Charlotte Cracker
77%
Kinemon
77%
Urouge
77%
Kalifa
75%
Pica
75%
Charlotte Brûlée
74%
Charlotte Oven
74%
Inazuma
74%
Shiliew
74%
Charlotte Mont d'Or
72%
Charlotte Pudding
72%
Riku Viola
72%
Señor Pink
72%
Charlotte Smoothie
70%
Baby 5
68%
Doc Q
68%
Jesus Burgess
68%
Kurozumi Kanjuro
68%
Sugar
68%
Tsuru
68%
Diamante
66%
Leo
66%
Vander Decken IX
66%
Zala
66%
Buffalo
64%
Kozuki Toki
64%
Van Augur
64%
Charlotte Perospero
62%
Issho
62%
Trebol
62%
Avalo Pizarro
60%
Sanjuan Wolf
60%
Shiki
60%
Gladius
58%
Mother Caramel
58%
Shu
58%
Vegapunk
58%
Charlotte Daifuku
57%
Jora
57%
Manshelly
57%
Vasco Shot
57%
Joz
55%
Capitaine John
53%
O-Tama
53%
S-Hawk
53%
Machvise
51%
S-Shark
51%
Charlotte Opéra
49%
Hina
49%
S-Bear
49%
Shinobu
49%
S-Snake
49%
Streusen
47%
Morley
42%
Charlotte Galette
40%
Manmeyer Gunko
40%
Blamenco
38%
Very Good
38%
Belo Betty
36%
Kelly Funk
34%
Kurozumi Higurashi
34%
Kurozumi Semimaru
34%
Raizo
32%
Sharinguru
28%
Saint Shepherd Sommers
25%
Kujaku
23%
Charlotte Newshi
21%
Ganzui
21%
Bluegrass
19%
Gill Bastar
15%
Urban
9%
Biblo
8%
Aucun quiz correspondant
Distribution des résultats
% des personnes avec chaque résultat
Percentile par nombre de réponses
Votre historique - résultats
Vous n’avez pas pris ce quiz